000
00315nam a22001457a 4500
003
SGT
020
_a
9789364557948
082
_a
345
_b
TAX
100
_a
TAXMANN
245
_a
UNDERSTANDING NEW CRIMINALS LAWS
260
_a
NEW DELHI
_b
TAXMANN
_c
2024
300
_a
139
653
_a
BNS, BNSS, BSA
942
_2
ddc
_c
BK
999
_c
34366
_d
34366